Countries with embassies and consulates in South Sudan - Statistics

General Stats
  • This quiz has been taken 59 times
  • The average score is 19 of 23
Answer Stats
Continent Country % Correct
Europe France
100%
Europe United Kingdom
98%
North America United States of America
98%
North America Canada
96%
Asia China
96%
Africa Ethiopia
96%
Europe Germany
96%
Africa Sudan
96%
Africa Kenya
94%
Asia/ Europe Turkey
92%
Asia Japan
90%
Africa Egypt
88%
Asia India
88%
Africa Uganda
85%
Africa Djibouti
81%
Africa Eritrea
81%
Africa South Africa
77%
Africa Nigeria
73%
Africa Libya
69%
Africa Zimbabwe
67%
Europe the Netherlands
65%
Asia Qatar
58%
Europe Norway
54%
No matching quizzes found
Score Distribution
Percent of People with Each Score
Percentile by Number Answered
Your Score History
You have not taken this quiz